zpět

Detail výsledku týmu

Kentaur ST, Brno

Datum a čas kvízu

36 Celkem bodů Celkový počet nahraných bodů na tomto kvízu bez doplňovacích otázek.
4. Pořadí na kvízu Konečné umístění týmu na tomto kvízu.

Zaznamenané odpovědi

# Otázka Odpověď Body Výsledky
1. Senát ve středu zvolil svého p... Miloš Vystrčil 1
2. Mluvčí afghánského radikálního... Tálibán 1
3. Hit jedné norské hudební skupi... Take On Me 0
4. Minulý týden vydal Krajský sou... Mladá fronta 0
5. Nejmladší střelec v historii č... Václav Kadlec 1
6. Na tento týden připadá období... bachyně 1
7. S tímto zvláštně vypadajícím p... (prase) bradavičnaté 1
8. Již delší dobu se experimentuj... xenotransplantace 1
9. Prase je čistotné a inteligent... A 1
10. Obliba miniprasátek jako domác... Babe 1